| 000 | 00798cam a22002651 4500 | ||
|---|---|---|---|
| 001 | 2664185 | ||
| 003 | OSt | ||
| 005 | 20230620115842.0 | ||
| 008 | 850213s1970 ko 000 0 eng | ||
| 010 | _a 72184987 | ||
| 020 | _c6.55 | ||
| 040 |
_aDLC _cDLC _dDLC _dOCoLC |
||
| 041 | 1 | _aengkor | |
| 082 |
_a320.95 _bCHU |
||
| 100 | 1 |
_aPark, Chung Hee, _d1917-1979. |
|
| 245 | 1 | 0 |
_aOur nation's path: _bideology of social reconstruction, _cby Park Chung Hee. |
| 250 | _a[2d ed.] | ||
| 260 |
_aSeoul, _bHollym Corp. _c[1970] |
||
| 300 |
_axiv, 240 p. _c24 cm. |
||
| 440 | 2 |
_aA New horizon in Asia, _v1 |
|
| 500 | _aTranslation of Uri minjok ŭi nagal kil. | ||
| 651 | 0 |
_aKorea (South) _xPolitics and government _y1960-1988. |
|
| 906 |
_a7 _bcbc _corignew _d1 _encip _f19 _gy-gencatlg |
||
| 942 |
_2ddc _cBK |
||
| 999 |
_c1679 _d1679 |
||